APEC Schools

The Battle of the Labyrinth / (Record no. 7681)

000 -LEADER
fixed length control field nam a22 7a 4500
005 - DATE AND TIME OF LATEST TRANSACTION
control field 20190712070831.0
008 - FIXED-LENGTH DATA ELEMENTS--GENERAL INFORMATION
fixed length control field 190712b xxu||||| |||| 00| 0 eng d
020 ## - IDENTIFIER FOR THE MANIFESTATION
Identifier for the Manifestation 9781423101499
Binding paperback
040 ## - CATALOGING SOURCE
Language of Cataloging eng
Transcribing Agency APEC Schools Library
Description Conventions rda
082 ## - DEWEY DECIMAL CLASSIFICATION NUMBER
Classification number Fic
Author's Number R479b 2008
100 ## - CREATOR
Preferred Name of the Person Riordan, Rick
245 ## - TITLE AND STATEMENT OF RESPONSIBILITY
Preferred Title Proper The Battle of the Labyrinth /
Statement of Responsibility/Parallel Statement of Responsibility Rick Riordan
264 ## - PUBLICATION STATEMENT
Place of publication, distribution, etc New York :
Publisher's Name/Parallel Publisher's Name Hyperion Books,
Copyright ©2008.
300 ## - PHYSICAL DESCRIPTION
Extent 361 pages ;
336 ## - RDA CONTENT
Source rdacontent
Content Type text
337 ## - RDA MEDIA
Source rdamedia
Media Type unmediated
338 ## - RDA CARRIER
Source rdacarrier
Carrier Type volume
942 ## - ADDED ENTRY ELEMENTS (KOHA)
Source of Classification
Koha Item Type Fiction
Holdings
Library Site Location Shelving Location Source of Acquisition Full Classification Number Accession Number Koha Item Type
APEC Bacoor Library APEC Bacoor Library Fiction Institutional Fund Fic R479b 2008 B04-0000366 Fiction
APEC Sta. Rita Library APEC Sta. Rita Library Fiction Institutional Fund Fic R479b 2008 B02-0000386 Fiction

Powered by Koha